Futurama Trivia #2 - Statistics

General Stats
  • This quiz has been taken 67 times
    63 since last reset
  • The average score is 12 of 20
Answer Stats
Hint Answer % Correct
What 3 eyed creature does Leela keep as a pet after saving him from the imploding planet Vergon 6? Nibbler
90%
What did scientists increase the speed of in 2208 to allow faster travel between galaxies? Speed of Light
88%
Which character is held in Nevada's Area 51 after travelling back in time to 1947? Dr. Zoidberg
86%
Who is in a coma throughout the episode 'The Sting'? Leela
86%
Whilst Fry is out searching for Bigfoot which part of his body is stolen for use as an aphrodisiac? Nose
83%
What fuel do the Planet Express ship's engines run on? Dark Matter or Whale Oil
78%
What was the name of the dog Fry adopted in August 1997? Seymour
76%
What device shows the events that would happen if Bender became human, Fry was never frozen and Leela was more impulsive? The What-If machine
74%
Chapek 9 is a planet only inhabited by what? Robots
72%
At what age are people collected by The Sunset Squad and taken to The Near Death Star? 160
71%
When Bender sets up a dating agency where does he find dates for all his clients? The Bus Station
55%
On which planet does Bender reboot in penguin mode, the main tasks of which are to acquire food and frolic? Pluto
53%
Who does Amy switch bodies with using the Mind Switcher so she is able to eat all she wants? Professor Farnsworth
52%
Which company manufactures robot oil containing 10% more love than the next leading brand? MomCorp
47%
Who was presidet of Earth during the Omicronian invasion in the year 3000? President McNeal
47%
In which episode does Bender say "First I was God, then I met God."? Godfellas
43%
What "college" did Fry drop out of in the 20th century? Coney Island Community College
28%
What is the name of Dr. Wernstrom's pet goldfish that he used to demonstrate the reverse scuba suit at the Academy of Inventors' annual symposium? Cinnamon
19%
Which actor voices Calculon, Kif Kroker and Walt? Maurice LaMarche
17%
What is the name of the Oscar winning movie written by Harold Zoid and starring Calculon? The Magnificent Three
14%
No matching quizzes found
Score Distribution
Percent of People with Each Score
Percentile by Number Answered
Your Score History
You have not taken this quiz since the last reset